Bước nhảy vọt lịch sử mở đầu thể chế nhà nước pháp quyền của dân tộc, do dân tộc và vì dân tộc Việt Nam /

保存先:
書誌詳細
第一著者: Lê Mậu Hãn, NSND. PGS.
フォーマット: 論文
言語:Vietnamese
主題:
タグ: タグ追加
タグなし, このレコードへの初めてのタグを付けませんか!
Thư viện lưu trữ: Thư viện Trường Đại học Đà Lạt
LEADER 00868nam a2200265 4500
001 DLU090070846
005 ##20090520
040 # # |a DLU  |b vie 
041 # # |a vie 
044 # # |a vn 
100 # # |a Lê Mậu Hãn,  |c NSND. PGS. 
245 # # |a Bước nhảy vọt lịch sử mở đầu thể chế nhà nước pháp quyền của dân tộc, do dân tộc và vì dân tộc Việt Nam /  |c Lê Mậu Hãn. 
653 # # |a Lịch sử Việt Nam 
653 # # |a Nhà nước pháp quyền 
653 # # |a Tiến trình lịch sử 
773 # # |t Lịch sử Đảng  |g Số 1(182), 2006, tr. 3-8 
920 # # |a Phòng Tạp chí -- Trung tâm Thông tin - Thư viện Trường Đại học Đà Lạt 
994 # # |a DLU 
900 # # |a True 
911 # # |a Trịnh Ngọc Pháp 
925 # # |a G 
926 # # |a A 
927 # # |a BB 
980 # # |a Thư viện Trường Đại học Đà Lạt